The Necklace and other short stories
Gardado en:
| Autor Principal: | |
|---|---|
| Formato: | Libro |
| Idioma: | Undetermined |
| Publicado: |
Estados Unidos
Dover Thrift
1992
|
| Materias: | |
| Etiquetas: |
Engadir etiqueta
Sen Etiquetas, Sexa o primeiro en etiquetar este rexistro!
|
MARC
| LEADER | 00000nam a2200000Ia 4500 | ||
|---|---|---|---|
| 008 | 170316s9999 xx 000 0 und d | ||
| 040 | |a cru BVZT | ||
| 090 | |a 840 M-14n | ||
| 100 | |a Maupassant, Guy de | ||
| 245 | 4 | |a The Necklace and other short stories | |
| 260 | |a Estados Unidos | ||
| 260 | |b Dover Thrift | ||
| 260 | |c 1992 | ||
| 300 | |a 119 páginas | ||
| 650 | |a LITERATURA FRANCESA | ||
| 999 | |c 7788 |d 7788 | ||
| 942 | |c 15 D |h 840 M-14n |2 z | ||
